| 000 | 00437nam a2200181 a 4500 | ||
|---|---|---|---|
| 001 | 1756735771906 | ||
| 003 | ACL | ||
| 005 | 20250901194055.0 | ||
| 008 | 250901s2016##################000#0#eng## | ||
| 020 | _a9789383098743 | ||
| 082 | 0 | 4 |
_a779.092 _bTOM |
| 100 | 1 |
_aTomanec, Param P., _eauthor. |
|
| 245 | 1 | 0 | _aRasa Yatra : |
| 260 | _c2016. | ||
| 650 | 0 | _aHindu pilgrims and pilgrimages. | |
| 942 | _cENGLISH | ||
| 040 |
_aACL _beng _cACL |
||
| 999 |
_c584891 _d584891 |
||